NBA: Magic Scoring Leader Every Season - Statistics

General Stats
  • This quiz has been taken 48 times
  • The average score is 22 of 34
Answer Stats
Season PPG Position Answer % Correct
2012 20.6 C Dwight Howard
95%
2011 22.9 C Dwight Howard
95%
2010 18.3 C Dwight Howard
95%
2009 20.6 C Dwight Howard
95%
2008 20.7 C Dwight Howard
95%
2007 17.6 C Dwight Howard
95%
1996 26.6 C Shaquille O'Neal
95%
1995 29.3 C Shaquille O'Neal
95%
1994 29.3 C Shaquille O'Neal
95%
1993 23.4 C Shaquille O'Neal
95%
2004 28.0 G Tracy McGrady
85%
2003 32.1 G Tracy McGrady
85%
2002 25.6 G Tracy McGrady
85%
2001 26.8 G Tracy McGrady
85%
2023 20.0 F Paolo Banchero
80%
1999 15.8 G Penny Hardaway
80%
1998 16.4 G Penny Hardaway
80%
1997 20.5 G Penny Hardaway
80%
2021 24.5 C Nikola Vučević
73%
2020 19.6 C Nikola Vučević
73%
2019 20.8 C Nikola Vučević
73%
2016 18.2 C Nikola Vučević
73%
2015 19.3 C Nikola Vučević
73%
2022 16.3 G Cole Anthony
49%
1992 19.9 G Nick Anderson
49%
1991 17.2 G Scott Skiles
34%
2018 17.8 F Evan Fournier
27%
2017 17.2 G Evan Fournier
27%
2006 16.2 G Steve Francis
20%
2005 21.3 G Steve Francis
20%
2000 16.2 G Darrell Armstrong
17%
2014 18.2 G Arron Afflalo
10%
2013 17.3 F Tobias Harris
10%
1990 19.4 F Terry Catledge
7%
No matching quizzes found
Score Distribution
Percent of People with Each Score
Percentile by Number Answered
Your Score History
You have not taken this quiz